| 000 | 00733nam a2200241Ia 4500 | ||
|---|---|---|---|
| 003 | OSt | ||
| 005 | 20250310143600.0 | ||
| 008 | 210716s2002 xx 000 0 und d | ||
| 020 | _a817884057X | ||
| 040 | _cAIMIT LIBRARY | ||
| 041 | _aeng | ||
| 082 |
_a006.671 _21 _bJAIV |
||
| 100 |
_aJain, V K. _9205393 |
||
| 245 |
_aJava : _bobject oriented programming / _cBy V K Jain and Hemlata. |
||
| 250 | _a1st ed. | ||
| 260 |
_aNew Delhi : _bCyber Tech Publications , _c2002. |
||
| 300 |
_axviii,844p. ; _bPB _c23.1 cm |
||
| 650 |
_aData types variable and arrays _9205394 |
||
| 650 |
_aControl statements _9205395 |
||
| 650 |
_aPackages and interfaces _9205396 |
||
| 700 |
_aHemlata. _9205397 |
||
| 942 |
_2ddc _cBK _e1st _k006.671 JAIV |
||
| 999 |
_c186885 _d186885 |
||